| 000 | 00000nam 2200000zi 4500 |
| 001 | 9.919235 |
| 003 | CaOODSP |
| 005 | 20240418113917 |
| 006 | m o d f |
| 007 | cr mn||||||||| |
| 008 | 230118t20232023onc o f000 0 eng d |
| 020 | |a9780660471426|z9780660436630 |
| 040 | |aCaOODSP|beng|erda|cCaOODSP |
| 043 | |an-cn--- |
| 086 | 1 |aCS372-00001/2023-2E-PDF |
| 245 | 00|aLabour market outcomes for college and university graduates, 2010 to 2019. |
| 264 | 1|a[Ottawa] : |bStatistics Canada = Statistique Canada, |c2023. |
| 264 | 4|c©2023 |
| 300 | |a1 online resource (12 pages). |
| 336 | |atext|btxt|2rdacontent |
| 337 | |acomputer|bc|2rdamedia |
| 338 | |aonline resource|bcr|2rdacarrier |
| 490 | 0 |aTechnical reference guides for the Education and Labour Market Longitudinal Platform (ELMLP) |
| 500 | |aCover title. |
| 500 | |a"Release date: April 18, 2023." |
| 500 | |aIncorrect ISBN (9780660436630) printed in this publication. |
| 500 | |aIssued also in French under title: Résultats sur le marché du travail des diplômés des collèges et universités, 2010 à 2019. |
| 520 | |a"Each year, Statistics Canada releases data on the labour market outcomes of college and university graduates using data from the Education and Labour Market Longitudinal Platform (ELMLP)"--Introduction, page 4. |
| 650 | 0|aCollege graduates|xEmployment|zCanada|xStatistics. |
| 650 | 0|aWages|xCollege graduates|zCanada|xStatistics. |
| 710 | 2 |aStatistics Canada, |eissuing body. |
| 775 | 08|tRésultats sur le marché du travail des diplômés des collèges et universités, 2010 à 2019.|w(CaOODSP)9.919237 |
| 794 | |tLabour market outcomes for college and university graduates, 2010 to 2020.|w(CaOODSP)9.932022 |
| 856 | 40|qPDF|s283 KB|uhttps://publications.gc.ca/collections/collection_2023/statcan/37-20-0001/372000012023002-eng.pdf |
| 856 | 4 |qHTML|sN/A|uhttps://www150.statcan.gc.ca/n1/pub/37-20-0001/372000012023002-eng.htm |
| 986 | |a37200001 |